000 01051nam0a22002651 4500
001 rc\3561922
005 20260408081805.0
021 _aRU
_bРг2387-77
021 _aRU
_b76-101884
035 _a(NLR Aleph) 007686267
090 _a6592594
_c6592594
100 _a20130115d1976 |||y0rusy50 ca
101 0 _arus
102 _aRU
105 _aa z |||||
200 1 _aНовое в обеспечении информации
_e[Сборник статей]
_fМинмонтажспецстрой СССР. Гл. техн. упр. ЦБНТИ
210 _aМосква
_cБ. и.
_d1976
215 _a[1], 20 с.
_cил.
_d21
225 1 _aЭкспресс-информация
_iСерия "Монтажные работы"
712 0 1 _aСССР
_bМинистерство монтажных и специальных строительных работ
_bТехническое управление
_3RU\NLR\AUTH\8810125960
_9749308
801 0 _aRU
_bNLR
_gpsbo
801 1 _aRU
_bELAR
_2rusmarc
852 _aNLR
_j77-4/3601
942 _cBOOK
980 _aNB